| 000 | 01594cad a22002775a 4500 | ||
|---|---|---|---|
| 001 | L160092 | ||
| 008 | 120529s2010 xxk g 000 0 eng d | ||
| 035 | _a(Sirsi) u160092 | ||
| 041 | 0 | _aeng | |
| 110 | _aFederation International Des Geometres | ||
| 111 | 2 |
_aFIG Working Week 2010 _bSydney, Australia _c11-16 April 2010 |
|
| 245 | 0 | 0 |
_aLand governance in support of the Millennium Development Goals _h[electronic resource] |
| 260 |
_aSydney _bFIG _c2010 |
||
| 520 | _aReports about a joint FIG/World Bank conference on Land Governance in support of the Millennium Development Goals (MDG?s), held in Washington DC, USA, 9-10 March 2009. After an observation on how the concepts of 'land governance' and 'land professionals' developed within FIG, the dedication of FIG towards sustainable development and to the Millennium Development Goals is described as well as the policy of FIG to work in cooperation with the UN agencies such as UN-HABITAT, UN-FAO, and the World Bank. | ||
| 650 | 2 | 4 | _aLAND |
| 650 | 2 | 4 | _aLAND ADMINISTRATION |
| 650 | 2 | 4 | _aDEVELOPMENT POLICY |
| 651 | 4 | _aInternational | |
| 690 |
_aLand use _96251 |
||
| 700 | 1 | _aEnemark, Stig | |
| 700 | 1 | _aMcLaren, Robin | |
| 700 | _aVan der Molen, Paul | ||
| 856 | 4 | 0 |
_uhttps://www.rics.org/Global/Downloads/Land_Governance_in_Support_of_the_Millennium_Development_Goals_1_.pdf _zView the paper free of charge at www.rics.org |
| 856 | 4 | 0 |
_uhttps://fig.net/resources/proceedings/fig_proceedings/fig2010/ppt/inv01/inv01_enemark_vandermolen_et_al_ppt_4662.pdf _zView the presentation free of charge at www.fig.net |
| 942 | _n0 | ||
| 999 |
_c116209 _d116209 |
||